|
|
|
|
| LEADER |
00000nam a2200000 a 4500 |
| 001 |
vtls001353224 |
| 003 |
SK-MaSNL |
| 005 |
20260301200853.0 |
| 008 |
251113s1953 xo 0 rus |
| 020 |
|
|
|c 40,00
|
| 035 |
|
|
|a SNK000306633
|
| 040 |
|
|
|a SNK
|b slo
|c SNK
|e AACR2
|
| 041 |
0 |
|
|a rus
|
| 044 |
|
|
|a xo
|c SK
|
| 080 |
|
|
|a 808.2-093.5:72(075.8)
|2 1981
|
| 080 |
|
|
|a 72
|2 1.stred. slo
|
| 245 |
1 |
|
|a Učebné texty jazyka ruského pre 2. ročník Fakulty architektúry a pozemného staviteľstva
|c [sostavila: Viera Balašová]
|
| 260 |
|
|
|a Bratislava
|b Slovenská vysoká škola technická
|c 1953
|
| 300 |
|
|
|a xxi, 76 s.
|c 29 cm
|
| 490 |
1 |
|
|a Vysokoškolské skriptá
|
| 650 |
0 |
7 |
|a ruština
|2 SNK
|9 1346
|
| 655 |
|
7 |
|a učebnice vysokých škôl
|2 SNKPH
|9 70191
|
| 700 |
1 |
|
|a Balašová, Viera
|4 com
|9 279867
|
| 830 |
|
0 |
|a Vysokoškolské skriptá
|9 276440
|
| 958 |
|
|
|a OND
|
| 999 |
|
|
|c 892449
|d 894379
|
| 952 |
|
|
|t P60, <03>, [BOOK], {603}
|a SNK
|b SNK
|y PREZ
|7 0
|p 17A0171945
|o snkSB 59754
|i snkK 103/99
|0 0
|1 0
|4 0
|d 1999-01-22
|f 1
|l 0
|r 2025-04-09 00:00:00
|w 2026-02-24
|